|
|
|
|
| LEADER |
01392nam a2200385 a 4500 |
| 001 |
EBC1122994 |
| 003 |
MiAaPQ |
| 005 |
20200520144314.0 |
| 006 |
m o d | |
| 007 |
cr cn||||||||| |
| 008 |
130225t20111989enk sb 001 0 eng d |
| 020 |
|
|
|z 004445340X
|
| 020 |
|
|
|z 9780415682459 (hbk.)
|
| 020 |
|
|
|a 9780203802779 (electronic bk.)
|
| 035 |
|
|
|a (MiAaPQ)EBC1122994
|
| 035 |
|
|
|a (Au-PeEL)EBL1122994
|
| 035 |
|
|
|a (CaPaEBR)ebr10656972
|
| 035 |
|
|
|a (CaONFJC)MIL446165
|
| 035 |
|
|
|a (OCoLC)827207102
|
| 040 |
|
|
|a MiAaPQ
|c MiAaPQ
|d MiAaPQ
|
| 043 |
|
|
|a e-ur---
|
| 050 |
|
4 |
|a JN6581
|b .N68 2011
|
| 082 |
0 |
4 |
|a 947.0854
|2 23
|
| 100 |
1 |
|
|a Nove, Alec.
|
| 245 |
1 |
0 |
|a Glasnost' in action
|h [electronic resource] :
|b cultural renaissance in Russia /
|c Alec Nove.
|
| 260 |
|
|
|a Abingdon [England] ;
|a New York :
|b Routledge,
|c 2011, c1989.
|
| 300 |
|
|
|a xi, 251 p.
|
| 440 |
|
0 |
|a Routledge revivals
|
| 500 |
|
|
|a "First published in 1989 by Unwin Hyman"--t.p. verso.
|
| 504 |
|
|
|a Includes bibliographical references and index.
|
| 533 |
|
|
|a Electronic reproduction. Ann Arbor, MI : ProQuest, 2015. Available via World Wide Web. Access may be limited to ProQuest affiliated libraries.
|
| 650 |
|
0 |
|a Glasnost
|z Russia.
|
| 655 |
|
4 |
|a Electronic books.
|
| 710 |
2 |
|
|a ProQuest (Firm)
|
| 856 |
4 |
0 |
|u https://ebookcentral.proquest.com/lib/matrademy/detail.action?docID=1122994
|z Click to View
|